Estadísticas para Capitales de Oceanía

Haz click aquí para intentar la prueba.

Estadísticas generales

  • Esta prueba ha sido intentada 8.606 veces
  • La puntuación promedio es 8 de 14

Estadísticas de respuestas

HintRespuesta% Correcto
AustraliaCanberra
94%
Nueva ZelandaWellington
88%
FiyiSuva
71%
Papúa Nueva GuineaPort Moresby
65%
SamoaApia
60%
VanuatuPort Vila
58%
MicronesiaPalikir
57%
Islas SalomónHoniara
55%
Islas MarshallMajuro
55%
KiribatiTarawa
55%
TuvaluFunafuti
53%
NauruYaren
51%
TongaNukualofa
45%
PalaosNgerulmud
44%

Distribución de puntuación

Porcentaje por número respondido

Porcentaje de gente con cada puntuación

Historial de tus puntuaciones

No has intentado esta prueba.